| 000 | 00717cam a2200253 4500 | ||
|---|---|---|---|
| 001 | 33687 | ||
| 003 | BD-RjUL | ||
| 005 | 20211209052038.0 | ||
| 008 | 140511s1971 nyu b 001 0 eng | ||
| 035 | _a(BD-RjUL)33778 | ||
| 040 |
_aDLC _cDLC _dBD-RjUL _beng |
||
| 041 | _aeng | ||
| 082 | 0 | 0 |
_a301.243 _bKUP 1971 |
| 100 | 1 |
_aKuhns, William. _9102290 |
|
| 245 | 1 | 4 |
_aThe post-industrial prophets : _binterpretations of technology / |
| 260 |
_aNew York : _bWeybright and Talley, _cc1971. |
||
| 300 |
_a280 p. ; _c22 cm. |
||
| 504 | _aBibliography: p. 262-270. | ||
| 504 | _aIncludes index. | ||
| 650 | 0 |
_aTechnology and civilization. _9102291 |
|
| 942 |
_2ddc _cBK |
||
| 999 |
_c33687 _d33687 |
||